Visualizzazione normale
Vista MARC
- Robertson Jaime Robbie
di Personal Name
Records bibliografici associati: 1
001 - CONTROL NUMBER
- control field: 1201
003 - CONTROL NUMBER IDENTIFIER
- control field: IT-RoPau
005 - DATE AND TIME OF LATEST TRANSACTION
- control field: 20131107162528.0
008 - FIXED-LENGTH DATA ELEMENTS
- fixed length control field: 131107|| aca||aabn | a|a d
040 ## - CATALOGING SOURCE
- Original cataloging agency: IT-RoPau
- Transcribing agency: IT-RoPau
100 ## - HEADING--PERSONAL NAME
- Personal name: Robertson Jaime Robbie
- Miscellaneous information: Codice autore musica SPICS: 23071
- Relator term: Autore musica
- Name of part/section of a work: To Kingdom Come - Caledonia Mission - The Weight - Chest Fever - Across the Great Divide - Rag Mama Rag - The Night They Drove Old Dixie Down - Up On Cripple Creek - Rockin' Chair - Look Uiout Cleveland - The Unfaithful Servant - King Harvest (Has Surely Come)
670 ## - SOURCE DATA FOUND
- Source citation: Work cat.: (IT-RoPau)102490: AA.VV. 794, Music From Big Pink (The)-2 Lp 3C 154 50195